Every Song by the Vines - Statistics

General Stats
  • This quiz has been taken 3 times
  • The average score is 43 of 99
Answer Stats
Album Song % Correct
Highly Evolved(2002) Highly Evolved
100%
Winning Days(2004) Sun Child
100%
Winning Days(2004) Winning Days
100%
Highly Evolved(2002) 1969
67%
Highly Evolved(2002) Ain't No Room
67%
Winning Days(2004) Amnesia
67%
Winning Days(2004) Animal Machine
67%
Future Primitive(2011) A.S.4
67%
Melodia(2008) A.S. III
67%
Highly Evolved(2002) Autumn Shade
67%
Winning Days(2004) Autumn Shade II
67%
Highly Evolved(2002) Country Yard
67%
Future Primitive(2011) Cry
67%
Winning Days(2004) Evil Town
67%
Highly Evolved(2002) Factory
67%
Future Primitive(2011) Future Primitive
67%
Highly Evolved(2002) Get Free
67%
Highly Evolved(2002) Homesick
67%
Non-Album(2001) Hot Leather
67%
In Miracle Land(2018) In Miracle Land
67%
Winning Days(2004) Rainfall
67%
Winning Days(2004) Ride
67%
Winning Days(2004) She's Got Something to Say to Me
67%
Winning Days(2004) TV Pro
67%
Vision Valley(2006) Vision Valley
67%
In Miracle Land(2018) Waitin
67%
Wicked Nature(2014) Wicked Nature
67%
Melodia(2008) A Girl I Knew
33%
Future Primitive(2011) All That You Do
33%
In Miracle Land(2018) Annie Jane
33%
Vision Valley(2006) Anysound
33%
Wicked Nature(2014) Anything You Say
33%
Vision Valley(2006) Atmos
33%
Future Primitive(2011) Black Dragon
33%
Melodia(2008) Braindead
33%
In Miracle Land(2018) Broken Heart
33%
Vision Valley(2006) Candy Daze
33%
Future Primitive(2011) Candy Flippin' Girl
33%
Wicked Nature(2014) Clueless
33%
Wicked Nature(2014) Darkest Shadow
33%
Vision Valley(2006) Don't Listen to the Radio
33%
Vision Valley(2006) Dope Train
33%
Winning Days(Bonus)(2004) Drown the Baptists
33%
In Miracle Land(2018) Emerald Ivy
33%
Wicked Nature(2014) Everything Else
33%
Wicked Nature(2014) Fly Away
33%
Winning Days(2004) F.T.W.
33%
Vision Valley(2006) Fuk Yeh
33%
Wicked Nature(2014) Funny Thing
33%
Vision Valley(2006) Futuretarded
33%
Melodia(2008) Get Out
33%
Future Primitive(2011) Gimme Love
33%
Wicked Nature(2014) Girl I Want
33%
Vision Valley(2006) Going Gone
33%
In Miracle Land(2018) Gone Wonder
33%
Future Primitive(2011) Goodbye
33%
Wicked Nature(2014) Good Enough
33%
Wicked Nature(2014) Green Utopia
33%
Vision Valley(2006) Gross Out
33%
In Miracle Land(2018) Hate the Sound
33%
Melodia(2008) He's a Rocker
33%
Melodia(2008) Hey
33%
Highly Evolved(2002) In the Jungle
33%
Wicked Nature(2014) Into the Fire
33%
In Miracle Land(2018) I Wanna Go Down
33%
Melodia(2008) Jamola
33%
Melodia(2008) Kara Jayne
33%
Wicked Nature(2014) Killin the Planet
33%
Wicked Nature(2014) Ladybug
33%
In Miracle Land(2018) Leave Me Alone
33%
Future Primitive(2011) Leave Me in the Dark
33%
Wicked Nature(2014) Love Is Gone
33%
Melodia(2008) Manger
33%
Highly Evolved(2002) Mary Jane
33%
Melodia(2008) MerryGoRound
33%
Wicked Nature(2014) Metal Zone
33%
Vision Valley(2006) Nothin's Comin'
33%
Melodia(2008) Orange Amber
33%
Future Primitive(2011) Outro
33%
Highly Evolved(2002) Outtathaway
33%
Wicked Nature(2014) Out the Loop
33%
Wicked Nature(2014) Psychomatic
33%
Wicked Nature(2014) Rave It
33%
Wicked Nature(2014) Reincarnation
33%
Future Primitive(2011) Riverview Avenue
33%
Melodia(2008) Scream
33%
Melodia(2008) She Is Gone
33%
In Miracle Land(2018) Sky Gazer
33%
In Miracle Land(2018) Slide Away
33%
Wicked Nature(2014) Slightly Alien
33%
Vision Valley(2006) Spaceship
33%
Future Primitive(2011) S.T.W.
33%
Highly Evolved(2002) Sunshinin
33%
Vision Valley(2006) Take Me Back
33%
Melodia(2008) True as the Night
33%
Wicked Nature(2014) Truth
33%
Wicked Nature(2014) Venus Fly Trap
33%
Future Primitive(2011) Weird Animals
33%
In Miracle Land(2018) Willow
33%
No matching quizzes found
Score Distribution
Percent of People with Each Score
Percentile by Number Answered
Your Score History
You have not taken this quiz